Sports Quiz

Random Sports or NHL Quiz

2014 NHL Olympians by Team Quiz Stats

Quiz Updated Jul 14, 2016

Challenge
Share
Tweet
Embed
Score 0/155 Timer 18:00
1 Play Today
NHL Team Player % Correct
Pittsburgh PenguinsSidney Crosby
76.4%
Chicago BlackhawksPatrick Kane
74.8%
Chicago BlackhawksJonathan Toews
71.6%
Anaheim DucksCorey Perry
69.1%
Anaheim DucksRyan Getzlaf
68.6%
Boston BruinsZdeno Chara
67.9%
Washington CapitalsAlexander Ovechkin
67.9%
Pittsburgh PenguinsEvgeni Malkin
64.3%
Boston BruinsPatrice Bergeron
59.9%
Detroit Red WingsHenrik Zetterberg
59.5%
Detroit Red WingsPavel Datsyuk
58.8%
Vancouver CanucksDaniel Sedin
58.5%
Vancouver CanucksHenrik Sedin
58.5%
Buffalo SabresRyan Miller
58.4%
Chicago BlackhawksDuncan Keith
58.2%
Los Angeles KingsJonathan Quick
57.7%
Toronto Maple LeafsPhil Kessel
57.4%
Tampa Bay LightningSteven Stamkos
55.2%
Chicago BlackhawksMarian Hossa
54.6%
Minnesota WildZach Parise
54.3%
Montreal CanadiensCarey Price
54.1%
Dallas StarsJamie Benn
54%
Nashville PredatorsShea Weber
53.3%
Montreal CanadiensP.K. Subban
53.2%
New York IslandersJohn Tavares
53.1%
Vancouver CanucksYannick Weber
52.6%
Boston BruinsTuukka Rask
52.6%
Chicago BlackhawksPatrick Sharp
52.1%
New York RangersRick Nash
51.9%
Tampa Bay LightningMartin St. Louis
51.5%
Anaheim DucksTeemu Selanne
51.1%
Los Angeles KingsAnze Kopitar
51%
Los Angeles KingsDustin Brown
50.4%
New Jersey DevilsJaromir Jagr
50.1%
New York RangersHenrik Lundqvist
50%
Arizona CoyotesMike Smith
49.8%
Los Angeles KingsDrew Doughty
49.5%
Minnesota WildRyan Suter
49.1%
Washington CapitalsNicklas Backstrom
48.6%
Vancouver CanucksRyan Kesler
48.5%
San Jose SharksPatrick Marleau
47.2%
St. Louis BluesT.J. Oshie
47.2%
Colorado AvalancheMatt Duchene
47%
Anaheim DucksJonas Hiller
46.8%
Vancouver CanucksRoberto Luongo
46.5%
St. Louis BluesDavid Backes
46%
Los Angeles KingsJeff Carter
45.8%
Minnesota WildMikko Koivu
45.8%
Ottawa SenatorsErik Karlsson
45.6%
Pittsburgh PenguinsChris Kunitz
43.8%
Detroit Red WingsJimmy Howard
43.2%
San Jose SharksJoe Pavelski
42.3%
NHL Team Player % Correct
Montreal CanadiensMax Pacioretty
40.3%
New York IslandersThomas Vanek
39.7%
Boston BruinsDavid Krejci
39.1%
Anaheim DucksCam Fowler
38.4%
Colorado AvalancheGabriel Landeskog
38.3%
Columbus Blue JacketsSergei Bobrovsky
38.1%
Toronto Maple LeafsJames van Riemsdyk
38.1%
New York RangersRyan Callahan
38.1%
St. Louis BluesAlex Pietrangelo
37.7%
New Jersey DevilsPatrik Elias
36.9%
Detroit Red WingsNiklas Kronwall
36.9%
Colorado AvalancheSemyon Varlamov
36.3%
Arizona CoyotesOliver Ekman-Larsson
35.9%
Carolina HurricanesAlexander Semin
35.8%
Detroit Red WingsDaniel Alfredsson
34.8%
Montreal CanadiensAndrei Markov
34.7%
Colorado AvalanchePaul Stastny
34.6%
Pittsburgh PenguinsJussi Jokinen
34.5%
Winnipeg JetsOlli Jokinen
34.4%
Pittsburgh PenguinsBrooks Orpik
34.4%
Boston BruinsLoui Eriksson
33.4%
New York RangersMats Zuccarello
33.3%
Columbus Blue JacketsMarian Gaborik
33.3%
Winnipeg JetsBlake Wheeler
33%
San Jose SharksAntti Niemi
32.8%
Chicago BlackhawksJohnny Oduya
32.6%
Chicago BlackhawksNiklas Hjalmarsson
32.2%
Detroit Red WingsJohan Franzen
31.6%
Pittsburgh PenguinsPaul Martin
31.2%
New York RangersRyan McDonagh
31.1%
St. Louis BluesVladimir Tarasenko
30.8%
St. Louis BluesAlexander Steen
30.8%
San Jose SharksMarc-Edouard Vlasic
30.7%
St. Louis BluesKevin Shattenkirk
30.5%
Dallas StarsKari Lehtonen
30.4%
Montreal CanadiensTomas Plekanec
29.7%
Washington CapitalsJohn Carlson
29.4%
St. Louis BluesJay Bouwmeester
29.2%
St. Louis BluesJaroslav Halak
29.2%
Detroit Red WingsTomas Tatar
28.6%
New York RangersDerek Stepan
28.3%
Philadelphia FlyersJakub Voracek
28.2%
Los Angeles KingsSlava Voynov
27.5%
Carolina HurricanesJustin Faulk
27.3%
New York IslandersMichael Grabner
26.1%
Detroit Red WingsGustav Nyquist
25.5%
Buffalo SabresZemgus Girgensons
25.1%
Vancouver CanucksDan Hamhuis
24.9%
Philadelphia FlyersMark Streit
24.5%
Detroit Red WingsJonathan Ericsson
24.2%
Minnesota WildMikael Granlund
23.6%
Nashville PredatorsRoman Josi
23.2%
NHL Team Player % Correct
Florida PanthersAleksander Barkov
23.1%
Philadelphia FlyersKimmo Timonen
22.8%
Vancouver CanucksAlexander Edler
22.7%
Winnipeg JetsOndrej Pavelec
22.4%
Pittsburgh PenguinsOlli Maatta
22.3%
New York RangersCarl Hagelin
22%
Edmonton OilersAles Hemsky
21.8%
Columbus Blue JacketsArtem Anisimov
21.6%
Ottawa SenatorsMilan Michalek
21.6%
Arizona CoyotesZbynek Michalek
21.5%
Chicago BlackhawksMarcus Kruger
21.2%
Chicago BlackhawksMichal Handzus
20.5%
Montreal CanadiensAlexei Emelin
19.9%
Carolina HurricanesTuomo Ruutu
19.7%
St. Louis BluesPatrik Berglund
19.6%
Toronto Maple LeafsNikolai Kulemin
19.3%
Columbus Blue JacketsFedor Tyutin
18.8%
Arizona CoyotesMartin Hanzal
18.7%
Anaheim DucksSami Vatanen
18%
Buffalo SabresJhonas Enroth
18%
Calgary FlamesReto Berra
17.4%
Tampa Bay LightningValtteri Filppula
17.5%
Minnesota WildNino Niederreiter
17.2%
Tampa Bay LightningOndrej Palat
17.1%
Anaheim DucksJakob Silfverberg
17%
Washington CapitalsMarcus Johansson
16.8%
Philadelphia FlyersMichael Raffl
16%
Dallas StarsValeri Nichushkin
15.9%
New Jersey DevilsDamien Brunner
15.5%
Detroit Red WingsJonas Gustavsson
15.4%
New Jersey DevilsMarek Zidlicky
14.3%
Detroit Red WingsTomas Jurco
14.2%
Montreal CanadiensPeter Budaj
14.2%
Buffalo SabresHenrik Tallinder
14%
Tampa Bay LightningSami Salo
13.9%
Chicago BlackhawksMichal Rozsival
13.9%
Winnipeg JetsMichael Frolik
13.7%
Columbus Blue JacketsNikita Nikitin
13.6%
Washington CapitalsMartin Erat
13.6%
Vancouver CanucksRaphael Diaz
13.5%
Calgary FlamesLadislav Smid
13.3%
New York IslandersLubomir Visnovsky
12.9%
Florida PanthersTomas Kopecky
12.4%
Carolina HurricanesAndrej Sekera
12.2%
Arizona CoyotesLauri Korpikoski
11.7%
Edmonton OilersAnton Belov
11.2%
St. Louis BluesVladimir Sobotka
11.2%
Tampa Bay LightningRadko Gudas
10.5%
Philadelphia FlyersAndrej Meszaros
10.2%
Tampa Bay LightningRichard Panik
7.7%
Edmonton OilersMartin Marincin
7.5%

You're not logged in!

Compare scores with friends on all Sporcle quizzes.
Join for Free
OR
Log In

You Might Also Like...

Show Comments

Extras

Top Quizzes Today


Score Distribution

Your Account Isn't Verified!

In order to create a playlist on Sporcle, you need to verify the email address you used during registration. Go to your Sporcle Settings to finish the process.

Report this User

Report this user for behavior that violates our Community Guidelines.

Details: